[Event "CAN-ch/zt"]
[Site "Toronto"]
[Date "1978.??.??"]
[Round "11"]
[White "Piasetski, Leon David"]
[Black "Green Krotki, Jan"]
[Result "1-0"]
[WhiteElo "2410"]
[BlackElo "2200"]
[PlyCount "82"]
[EventDate "1978.08.??"]
[Source "ChessBase"]

1. c4 Nf6 2. Nc3 e6 3. e4 d5 4. cxd5 exd5 5. e5 d4 6. exf6 dxc3 7. Qe2+ Be6 8. dxc3 Qxf6 9. Nf3 Bc5 10. Ng5 O-O 11. Nxe6 fxe6 12. Be3 Nd7 13. O-O-O Rad8 14. Bxc5 Nxc5 15. Rxd8 Rxd8 16. Qe3 Qf5 17. Be2 Nd3+ 18. Bxd3 Rxd3 19. Qxa7 Qg5+ 20. Kb1 Qf5 21. Ka1 Qd5 22. Rb1 Rd1 23. Qb8+ Qd8 24. Qxd8+ Rxd8 25. a3 Rd2 26. Rf1 c5 27. a4 c4 28. Ka2 Kf7 29. Ka3 Ke7 30. h4 Kd6 31. g3 Kd5 32. f4 Rg2 33. Rd1+ Kc6 34. Rd4 b5 35. Re4 Rxg3 36. Rxe6+ Kd7 37. Re4 bxa4 38. Rxc4 Rg4 39. Rxa4 Rxh4 40. Ra7+ Ke6 41. Rxg7 h5 1-0

[Event "Hoogovens-B"]
[Site "Wijk aan Zee"]
[Date "1982.??.??"]
[Round "5"]
[White "Vlam, Horatio"]
[Black "Vogel, Jaap"]
[Result "0-1"]
[WhiteElo "2270"]
[BlackElo "2335"]
[PlyCount "50"]
[EventDate "1982.01.??"]
[Source "ChessBase"]

1. c4 Nf6 2. Nc3 e6 3. e4 d5 4. cxd5 exd5 5. e5 Ne4 6. Nf3 Nxc3 7. dxc3 Be7 8. Bd3 c5 9. O-O Nc6 10. Re1 Be6 11. Qc2 h6 12. Qe2 Qc7 13. b4 cxb4 14. Nd4 bxc3 15. Nxe6 fxe6 16. Qg4 O-O-O 17. Qxe6+ Kb8 18. Rb1 Rhe8 19. Ba6 Bb4 20. Qf5 bxa6 21. a3 a5 22. e6 Ka8 23. axb4 axb4 24. Bf4 Qb7 25. Red1 Rf8 0-1

[Event "AUT-chT2S 9798"]
[Site "Austria"]
[Date "1997.12.06"]
[Round "5"]
[White "Kwatschewsky, Leo"]
[Black "Robatsch, Karl"]
[Result "1/2-1/2"]
[WhiteElo "2235"]
[BlackElo "2370"]
[PlyCount "33"]
[EventDate "1997.??.??"]
[Source "www.chesslib.no"]
[SourceDate "2004.05.04"]

1. c4 Nf6 2. Nc3 e6 3. e4 d5 4. cxd5 exd5 5. e5 Ne4 6. Nf3 Nc6 7. Be2 Bc5 8. O-O O-O 9. d4 Bb6 10. Be3 Bf5 11. Rc1 h6 12. Na4 f6 13. Nxb6 axb6 14. Bb5 Na7 15. Be2 Nc6 16. Bb5 Na7 17. Be2 1/2-1/2

[Event "Ljubljana op"]
[Site "Ljubljana"]
[Date "1998.??.??"]
[Round "6"]
[White "Kovacevic, Blazimir"]
[Black "Jazbinsek, Sebastjan"]
[Result "1-0"]
[WhiteElo "2395"]
[BlackElo "2205"]
[PlyCount "57"]
[EventDate "1998.06.??"]
[Source "www.chesslib.no"]
[SourceDate "2004.05.04"]

1. c4 Nf6 2. Nc3 e6 3. e4 d5 4. cxd5 exd5 5. e5 Ng8 6. d4 c6 7. Bd3 Ne7 8. Nf3 Bg4 9. h3 Bh5 10. O-O Na6 11. g4 Bg6 12. Bxa6 bxa6 13. Nh4 h5 14. Bg5 Qc8 15. f4 hxg4 16. hxg4 Bf5 17. gxf5 Nxf5 18. Nxf5 Qxf5 19. Qe2 f6 20. exf6+ Kf7 21. fxg7 Bxg7 22. Rad1 Qh3 23. Qe7+ Kg8 24. Kf2 Rb8 25. Rh1 Bxd4+ 26. Rxd4 Qxh1 27. Qe6+ Kg7 28. Bf6+ Kg6 29. f5+ 1-0

[Event "Zalakaros op 19th"]
[Site "?"]
[Date "2000.05.19"]
[Round "1"]
[White "Horvath Gyula"]
[Black "Bereczki Janos"]
[Result "1-0"]
[WhiteElo "2447"]
[BlackElo "2141"]
[PlyCount "53"]
[EventDate "2000.??.??"]
[Source "www.chesslib.no"]
[SourceDate "2004.05.04"]

1. c4 e6 2. Nc3 Nf6 3. e4 d5 4. cxd5 exd5 5. e5 Ng8 6. d4 c6 7. Bd3 f5 8. Qf3 g6 9. Nge2 Bg7 10. h4 h5 11. Qg3 Kf7 12. Bg5 Qe8 13. Nf4 Kf8 14. O-O-O Na6 15. Bxa6 bxa6 16. Na4 Bh6 17. Kb1 Bxg5 18. Qxg5 Rh6 19. Rh3 Kg7 20. Rg3 Kh7 21. Rb3 Qf7 22. Rc1 Ne7 23. Nc5 Kg7 24. Rcc3 Rh8 25. Rg3 Kh7 26. e6 Qe8 27. Nxh5 1-0

[Event "Budapest FS05 IM"]
[Site "Budapest"]
[Date "1999.05.02"]
[Round "2"]
[White "Kovacevic, Blazimir"]
[Black "Carstensen, Jacob"]
[Result "1/2-1/2"]
[WhiteElo "2429"]
[BlackElo "2157"]
[PlyCount "126"]
[EventDate "1999.05.??"]
[Source "ChessBase"]
[SourceDate "1999.07.10"]

1. c4 Nf6 2. Nc3 e6 3. e4 d5 4. cxd5 exd5 5. e5 d4 6. exf6 dxc3 7. Qe2+ Be6 8. dxc3 Qxf6 9. Qb5+ Nd7 10. Nf3 Bd6 11. Qxb7 O-O 12. Be2 Nc5 13. Qc6 Rab8 14. Nd4 Qe5 15. Qf3 Bd5 16. Qh3 Bc4 17. Qe3 Bxe2 18. Qxe5 Nd3+ 19. Kxe2 Nxc1+ 20. Raxc1 Rxb2+ 21. Kd3 Bxe5 22. Rc2 Rb6 23. Re1 Bf6 24. Re4 g6 25. Nb3 Rd8+ 26. Ke2 Kf8 27. c4 Re8 28. Ke3 Rbe6 29. Rxe6 Rxe6+ 30. Kd3 Rd6+ 31. Ke4 Re6+ 32. Kd5 c6+ 33. Kc5 Be7+ 34. Kd4 Bf6+ 35. Kc5 Be7+ 36. Kd4 Bf6+ 37. Kd3 Rd6+ 38. Ke4 Re6+ 39. Kf3 Ke7 40. c5 Kd7 41. Rc4 Kc8 42. Rf4 h5 43. h3 Kb8 44. g4 hxg4+ 45. hxg4 Kc8 46. Kg2 Kb8 47. Kf1 Kb7 48. Kg2 Kb8 49. Na5 Bc3 50. Nc4 f6 51. Nd6 Kc7 52. Ra4 a5 53. Ne4 Bb4 54. Kf3 f5 55. gxf5 gxf5 56. Ng3 Re5 57. a3 Bxc5 58. Rxa5 Rd5 59. Ra8 Rd2 60. Nxf5 Rxf2+ 61. Ke4 Kb7 62. Ra5 Kb6 63. Ra8 Kb7 1/2-1/2

[Event "Mar del Plata Open"]
[Site "Mar del Plata ARG"]
[Date "1994.??.??"]
[Round "7"]
[White "Paz, Victor J"]
[Black "Celis, Gustavo"]
[Result "1-0"]
[WhiteElo "2240"]
[BlackElo "2345"]
[PlyCount "93"]
[EventDate "1994.04.??"]
[Source "www.chesslib.no"]
[SourceDate "2004.05.04"]

1. c4 Nf6 2. Nc3 e6 3. e4 e5 4. g3 Bc5 5. Bg2 Nc6 6. Nf3 d6 7. h3 O-O 8. d3 h6 9. O-O a6 10. Kh2 Be6 11. a3 Ne7 12. b3 Ba7 13. d4 Ng6 14. Be3 c6 15. Qc2 Qc7 16. Rac1 Qa5 17. b4 Qc7 18. Qe2 Qe7 19. Rfd1 b5 20. d5 Bxe3 21. Qxe3 cxd5 22. exd5 Bg4 23. c5 Rac8 24. Kg1 Bxf3 25. Bxf3 Qa7 26. c6 Qc7 27. Ra1 Ne7 28. g4 Qb8 29. a4 bxa4 30. Rxa4 Ne8 31. Be2 Nc7 32. Bxa6 Nxa6 33. Rxa6 Qxb4 34. Rda1 Qb3 35. Rb1 Qc2 36. Ra2 Qg6 37. Rb7 Nxc6 38. dxc6 Rxc6 39. Nd5 Qe6 40. Ne7+ Kh8 41. Rab2 Rc4 42. Nf5 Rfc8 43. Rb8 Rxb8 44. Rxb8+ Kh7 45. Rb6 Qc8 46. Rxd6 Rf4 47. Qxe5 1-0

[Event "Rostock"]
[Site "Rostock"]
[Date "1981.??.??"]
[Round "6"]
[White "Jeske, Eckhard"]
[Black "Kostyra, Stanislaw"]
[Result "1/2-1/2"]
[WhiteElo "2205"]
[BlackElo "2370"]
[PlyCount "93"]
[EventDate "1981.??.??"]
[Source "www.chesslib.no"]
[SourceDate "2004.05.04"]

1. c4 Nf6 2. Nc3 e6 3. e4 d5 4. cxd5 exd5 5. e5 d4 6. exf6 dxc3 7. Bb5+ c6 8. Qe2+ Be6 9. Bc4 cxd2+ 10. Bxd2 Qxf6 11. Nf3 Be7 12. Bxe6 Qxe6 13. Qxe6 fxe6 14. O-O Nd7 15. Rfe1 Kf7 16. Rad1 Bf6 17. Ba5 Ke7 18. Bc7 Rac8 19. Bd6+ Kf7 20. g4 h6 21. Nd2 b5 22. Ne4 Rhd8 23. f4 c5 24. b4 c4 25. g5 Bb2 26. Rd2 c3 27. Rc2 Nb6 28. Be5 Nd5 29. Nd6+ Rxd6 30. Bxd6 Rc4 31. Rb1 Nxb4 32. Rcxb2 cxb2 33. Rxb2 Rc1+ 34. Kg2 Rc2+ 35. Rxc2 Nxc2 36. gxh6 gxh6 37. Kf3 Nd4+ 38. Ke4 Nf5 39. Bb4 h5 40. Ke5 Ne3 41. Kd6 Nd5 42. Bc5 Nxf4 43. Bxa7 Nd5 44. Kc5 b4 45. Bb8 Kf6 46. Kc4 Kf5 47. Bd6 1/2-1/2

[Event "Wch U20"]
[Site "Copenhagen"]
[Date "1982.??.??"]
[Round "2"]
[White "Trifunov, Dimitar"]
[Black "Garbarino, Rodolfo"]
[Result "1-0"]
[WhiteElo "2260"]
[BlackElo "2305"]
[PlyCount "43"]
[EventDate "1982.??.??"]
[Source "www.chesslib.no"]
[SourceDate "2004.05.04"]

1. c4 Nf6 2. Nc3 e6 3. e4 d5 4. cxd5 exd5 5. e5 Ne4 6. Nf3 Nc6 7. Bb5 Bc5 8. d4 Bb4 9. Qb3 O-O 10. O-O Bxc3 11. bxc3 Bg4 12. Ne1 Bd7 13. Bd3 Be6 14. f3 Qh4 15. Bxe4 dxe4 16. d5 Nxe5 17. dxe6 exf3 18. Nxf3 Nxf3+ 19. Rxf3 fxe6 20. Qxe6+ Kh8 21. Rxf8+ Rxf8 22. Be3 1-0

[Event "Baden Ch"]
[Site "Ladenburg"]
[Date "1992.??.??"]
[Round "11"]
[White "Kurz, Eugen"]
[Black "Jaeschke, Benno"]
[Result "1-0"]
[WhiteElo "2330"]
[BlackElo "2235"]
[PlyCount "75"]
[EventDate "1992.??.??"]
[Source "www.chesslib.no"]
[SourceDate "2004.05.04"]

1. c4 Nf6 2. Nc3 e6 3. e4 d5 4. cxd5 exd5 5. e5 Ne4 6. d3 Nxc3 7. bxc3 d4 8. c4 Nc6 9. f4 Bb4+ 10. Bd2 Bxd2+ 11. Qxd2 O-O 12. Be2 f6 13. exf6 Qxf6 14. Bf3 Bg4 15. O-O-O Bxf3 16. Nxf3 Qd6 17. g3 b5 18. Qc2 Na5 19. c5 Qd5 20. Nd2 Rf5 21. Ne4 Qc6 22. Qb2 Rd8 23. Kb1 Nb7 24. Rc1 Rdd5 25. Rc2 h6 26. Rf1 Rf8 27. g4 Nd8 28. f5 Nf7 29. f6 Ne5 30. Qb3 Kh7 31. Rg2 Rxc5 32. g5 Rc3 33. g6+ Nxg6 34. Qb4 Rf7 35. Qxd4 b4 36. Rfg1 Rxf6 37. Nxf6+ gxf6 38. Rxg6 1-0

[Event "BEL-chT 0203"]
[Site "?"]
[Date "2003.01.26"]
[Round "7"]
[White "Petzold Klaus"]
[Black "Praet Maarten"]
[Result "1/2-1/2"]
[WhiteElo "2307"]
[BlackElo "2257"]
[PlyCount "45"]
[EventDate "2003.??.??"]
[Source "www.chesslib.no"]
[SourceDate "2004.05.04"]

1. c4 Nf6 2. Nc3 e6 3. e4 d5 4. cxd5 exd5 5. e5 Ne4 6. Nf3 Bf5 7. Qb3 Nc6 8. Qxb7 Bd7 9. Nxd5 Rb8 10. Qxc7 Bc5 11. Qxd8+ Kxd8 12. Ne3 Re8 13. Bc4 Nxe5 14. Nxe5 Rxe5 15. Bxf7 Nxf2 16. O-O Nd3 17. Kh1 Bb5 18. a4 Ba6 19. Bc4 Bxc4 20. Nxc4 Nf2+ 21. Kg1 Nh3+ 22. Kh1 Nf2+ 23. Kg1 1/2-1/2

[Event "Nachod op 4th"]
[Site "?"]
[Date "1998.??.??"]
[Round "8"]
[White "Jurkiewicz Krzysztof"]
[Black "Horak Jiri"]
[Result "1/2-1/2"]
[WhiteElo "2305"]
[BlackElo "2255"]
[PlyCount "142"]
[EventDate "1998.??.??"]
[Source "www.chesslib.no"]
[SourceDate "2004.05.04"]

1. c4 Nf6 2. Nc3 e6 3. e4 d5 4. cxd5 exd5 5. e5 Nfd7 6. d4 c5 7. Nf3 cxd4 8. Qxd4 Nc6 9. Qxd5 Bb4 10. Bg5 Qa5 11. Qxa5 Bxa5 12. Bb5 O-O 13. Bxc6 bxc6 14. O-O Re8 15. Bf4 Nc5 16. Rfd1 Bg4 17. Rd2 Rab8 18. Rad1 Rb4 19. Be3 Ne4 20. Nxe4 Rxe4 21. Rc2 Bc7 22. Rd4 Bxf3 23. gxf3 R4xe5 24. Rxc6 Bb6 25. Rd3 Rb5 26. b3 h6 27. Rcd6 Ree5 28. f4 Rf5 29. Rd7 Rf6 30. R3d6 Rff5 31. Rc6 Rb4 32. Kg2 g5 33. Bxb6 axb6 34. fxg5 hxg5 35. Rc4 Rxc4 36. bxc4 Rf4 37. Rc7 Rd4 38. Rc6 Rd2 39. Rxb6 Rxa2 40. Rb5 f6 41. Rb7 Rd2 42. c5 Rc2 43. Rc7 Kf8 44. c6 Ke8 45. Rc8+ Ke7 46. c7 Kd6 47. Rf8 Rxc7 48. Rxf6+ Ke5 49. Rf8 Rc4 50. Kg3 Rb4 51. f3 Ra4 52. h3 Rb4 53. Re8+ Kf5 54. Re4 Rb1 55. Ra4 Rg1+ 56. Kf2 Rb1 57. h4 gxh4 58. Rxh4 Ra1 59. Rb4 Rc1 60. Rb8 Rc2+ 61. Kg3 Rc4 62. Rb5+ Kf6 63. f4 Rc1 64. Rb8 Rg1+ 65. Kf2 Ra1 66. Rf8+ Ke7 67. Rf5 Ra3 68. Re5+ Kf6 69. Re3 Rxe3 70. Kxe3 Kf5 71. Kf3 Kf6 1/2-1/2

[Event "Oberliga Nord N 0001"]
[Site "?"]
[Date "2001.??.??"]
[Round "?"]
[White "Jeske Eckhard"]
[Black "Bach Matthias"]
[Result "1/2-1/2"]
[WhiteElo "2215"]
[BlackElo "2345"]
[PlyCount "132"]
[EventDate "2001.??.??"]
[Source "www.chesslib.no"]
[SourceDate "2004.05.04"]

1. c4 Nf6 2. Nc3 e6 3. e4 d5 4. cxd5 exd5 5. e5 Ng4 6. d4 c5 7. Nf3 h5 8. h3 Nh6 9. dxc5 Nc6 10. Qxd5 Be6 11. Qxd8+ Rxd8 12. Bb5 Bxc5 13. O-O Nf5 14. Bg5 Rd7 15. Na4 Bd4 16. Bxc6 bxc6 17. Rfd1 Bb6 18. Rxd7 Kxd7 19. Rd1+ Kc7 20. Nxb6 axb6 21. a3 Bd5 22. Rd3 Re8 23. Bf4 Kb7 24. g4 hxg4 25. hxg4 Ne7 26. Kh2 Rh8+ 27. Kg3 Rh1 28. Bg5 Ng6 29. Bf4 Rb1 30. Rd2 Ka6 31. Re2 Kb5 32. Bg5 Rd1 33. Bd2 Nf8 34. Bc3 Ne6 35. Rd2 Rb1 36. Re2 Rd1 37. Rd2 Rb1 38. Nd4+ Kc4 39. Nxe6 fxe6 40. Rd4+ Kb5 41. Rb4+ Ka6 42. Ra4+ Kb7 43. Rf4 g5 44. Rf7+ Ka6 45. f3 Kb5 46. Bd2 Rxb2 47. Bxg5 c5 48. Be3 Re2 49. Bf4 Bc4 50. Rf6 Ra2 51. g5 Bf1 52. Kg4 Rg2+ 53. Bg3 c4 54. g6 c3 55. g7 c2 56. g8=Q c1=Q 57. Qxe6 Qc5 58. Qb3+ Ka6 59. Qa4+ Qa5 60. Qxa5+ Kxa5 61. e6 Bb5 62. Rf4 Re2 63. Kf5 Bc6 64. Bh4 Re3 65. Be7 Rxf3 66. Bb4+ Kb5 1/2-1/2

[Event "Tuzla"]
[Site "Tuzla"]
[Date "1981.??.??"]
[Round "12"]
[White "Palos, Osman"]
[Black "Nurkic, Sahbaz"]
[Result "1-0"]
[WhiteElo "2355"]
[BlackElo "2200"]
[PlyCount "51"]
[EventDate "1981.10.??"]
[Source "www.chesslib.no"]
[SourceDate "2004.05.04"]

1. c4 Nf6 2. Nc3 e6 3. e4 d6 4. d4 Nbd7 5. g3 c5 6. Nge2 h5 7. h3 g6 8. Bg2 Qc7 9. b3 e5 10. dxe5 dxe5 11. O-O b6 12. Qc2 Bb7 13. a4 O-O-O 14. a5 bxa5 15. Nd5 Nxd5 16. exd5 a6 17. Bd2 Qd6 18. Rxa5 f5 19. b4 Qc7 20. b5 Nb8 21. Rfa1 Rd6 22. Nc3 Kd8 23. bxa6 Bxa6 24. Nb5 Bxb5 25. Rxb5 Ke7 26. Qb2 1-0

[Event "Midwest Masters-B"]
[Site "Chicago"]
[Date "1984.??.??"]
[Round "3"]
[White "Unger, Thomas"]
[Black "Hudson, S."]
[Result "1-0"]
[WhiteElo "2330"]
[BlackElo "2220"]
[PlyCount "53"]
[EventDate "1984.??.??"]
[Source "www.chesslib.no"]
[SourceDate "2004.05.04"]

1. c4 Nf6 2. Nc3 e6 3. e4 b6 4. e5 Ng8 5. d4 Bb7 6. Nf3 c5 7. d5 a6 8. Be2 exd5 9. cxd5 d6 10. O-O dxe5 11. Nxe5 Bd6 12. Qa4+ b5 13. Bxb5+ axb5 14. Qxb5+ Nd7 15. Nc4 Bxh2+ 16. Kxh2 Ba6 17. Re1+ Kf8 18. Qa4 Qh4+ 19. Kg1 Ngf6 20. Ne5 Qxa4 21. Nxa4 Bb7 22. Nxd7+ Nxd7 23. Nc3 Nf6 24. d6 Rd8 25. Be3 Nd7 26. b3 f6 27. Na4 1-0

[Event "PER-ch 46th"]
[Site "Lima"]
[Date "1998.??.??"]
[Round "2"]
[White "Belli Pino, Mario"]
[Black "Guttierez, Renzo"]
[Result "1-0"]
[WhiteElo "2380"]
[BlackElo "2170"]
[PlyCount "49"]
[EventDate "1998.??.??"]
[Source "www.chesslib.no"]
[SourceDate "2004.05.04"]

1. c4 Nf6 2. Nc3 e6 3. e4 d6 4. d4 c5 5. dxc5 dxc5 6. Qxd8+ Kxd8 7. Bf4 a6 8. O-O-O+ Nfd7 9. Nf3 f6 10. e5 f5 11. Ng5 Ke7 12. Rd6 Nf6 13. exf6+ gxf6 14. Nf3 e5 15. Rd1 Be6 16. Be3 b6 17. Nd5+ Bxd5 18. cxd5 f4 19. Bd2 Nd7 20. g3 fxg3 21. hxg3 b5 22. Nh4 Kf7 23. Bh3 Ra7 24. Be6+ Ke8 25. Ng6 1-0

[Event "Czech Republic"]
[Site "?"]
[Date "2003.??.??"]
[Round "8"]
[White "Walach Marcin"]
[Black "Tomecek Jan"]
[Result "0-1"]
[WhiteElo "2388"]
[BlackElo "2160"]
[PlyCount "64"]
[EventDate "2003.??.??"]
[Source "www.chesslib.no"]
[SourceDate "2004.05.04"]

1. c4 Nf6 2. Nc3 e6 3. e4 d6 4. d4 Be7 5. Nf3 O-O 6. Be2 c5 7. O-O Nc6 8. b3 a6 9. Bb2 cxd4 10. Nxd4 Bd7 11. Kh1 Qb6 12. Na4 Qc7 13. Nc3 Rfd8 14. f4 Nxd4 15. Qxd4 Bc6 16. Bf3 b5 17. Rac1 bxc4 18. Qxc4 Qb7 19. e5 Bxf3 20. Rxf3 d5 21. Qe2 Ne4 22. f5 exf5 23. Rxf5 Nxc3 24. Rxc3 d4 25. Rcf3 d3 26. Rxd3 Rxd3 27. Qxd3 Rd8 28. Qc4 Rd1+ 29. Rf1 Qd5 30. Qc8+ Bf8 31. Qf5 Rd2 32. Rf2 Rxb2 0-1

[Event "BL2-N 9394"]
[Site "GER"]
[Date "1994.??.??"]
[Round "?"]
[White "Stanke, Juergen"]
[Black "Rhodin, Christian"]
[Result "1-0"]
[WhiteElo "2300"]
[BlackElo "2245"]
[PlyCount "79"]
[EventDate "1993.10.??"]
[Source "www.chesslib.no"]
[SourceDate "2004.05.04"]

1. c4 Nf6 2. Nc3 e6 3. e4 d5 4. cxd5 exd5 5. e5 Ne4 6. Nf3 Nc6 7. Bb5 Bd7 8. O-O a6 9. Bxc6 Bxc6 10. Nd4 Qd7 11. d3 Nxc3 12. bxc3 Bc5 13. Be3 O-O 14. f4 Rfe8 15. Qf3 Bb5 16. Nxb5 Bxe3+ 17. Qxe3 axb5 18. d4 f5 19. Rf2 Ra3 20. Rb1 c6 21. Rbb2 Qe6 22. g4 Rf8 23. Qc1 Raa8 24. Qc2 Qg6 25. Rg2 fxg4 26. Qxg6 hxg6 27. Rxg4 Rae8 28. Rbg2 Re6 29. Kf2 Kf7 30. Ke3 Rh8 31. f5 gxf5 32. Rxg7+ Kf8 33. Kf4 Re7 34. Rxe7 Kxe7 35. Rg7+ Ke6 36. Rg6+ Ke7 37. Kxf5 Rh5+ 38. Rg5 Rxh2 39. Rg7+ Kf8 40. Rxb7 1-0

[Event "HUN-chT3"]
[Site "Hungary"]
[Date "1999.04.25"]
[Round "11"]
[White "Kocsis, Janos"]
[Black "Kovacs, Istvan"]
[Result "1-0"]
[WhiteElo "2295"]
[BlackElo "2250"]
[PlyCount "61"]
[EventDate "1999.??.??"]
[Source "www.chesslib.no"]
[SourceDate "2004.05.04"]

1. c4 Nf6 2. Nc3 e6 3. e4 d5 4. cxd5 exd5 5. e5 Ng8 6. d4 Bb4 7. Nf3 h6 8. Bd3 Ne7 9. O-O O-O 10. a3 Bxc3 11. bxc3 b6 12. Nh4 Ba6 13. Bxa6 Nxa6 14. f4 f5 15. exf6 Rxf6 16. f5 Qd7 17. Qd3 Nb8 18. g4 Nbc6 19. Ra2 Raf8 20. Raf2 g5 21. Nf3 Nc8 22. h4 gxh4 23. Nxh4 R8f7 24. Ng6 Rh7 25. Rh2 Nd6 26. Bxh6 Ne4 27. Qf3 Ne7 28. Nxe7+ Qxe7 29. g5 Rc6 30. f6 Qd7 31. Qh5 1-0

[Event "Klatovy op-A"]
[Site "Klatovy"]
[Date "1994.??.??"]
[Round "9"]
[White "Shurygin, Sergey"]
[Black "Muzik, Martin"]
[Result "1/2-1/2"]
[WhiteElo "2335"]
[BlackElo "2210"]
[PlyCount "39"]
[EventDate "1994.??.??"]
[Source "www.chesslib.no"]
[SourceDate "2004.05.04"]

1. c4 Nf6 2. Nc3 e6 3. e4 d5 4. cxd5 exd5 5. e5 d4 6. exf6 dxc3 7. Bb5+ c6 8. Qe2+ Be6 9. Bc4 cxd2+ 10. Bxd2 Qxf6 11. Nf3 Bc5 12. Bc3 Qe7 13. O-O Nd7 14. Rfe1 O-O 15. Bxe6 fxe6 16. Qxe6+ Qxe6 17. Rxe6 Rfe8 18. Rae1 Rxe6 19. Rxe6 Nb6 20. Kf1 1/2-1/2

[Event "Elwood Open"]
[Site "Melbourne AUS"]
[Date "2007.11.04"]
[Round "4"]
[White "Goldenberg, I."]
[Black "Lojanica, M."]
[Result "1/2-1/2"]
[WhiteElo "2408"]
[BlackElo "2133"]
[PlyCount "109"]
[EventDate "2007.11.03"]
[Source "www.chesslib.no"]
[SourceDate "2004.05.04"]

1. c4 e6 2. Nc3 Nf6 3. e4 d6 4. d4 Be7 5. f3 c5 6. Nge2 Nc6 7. Be3 b6 8. Qd2 O-O 9. d5 exd5 10. cxd5 Ne5 11. Ng3 a6 12. a4 Bd7 13. Be2 Ne8 14. O-O Ra7 15. h3 Bh4 16. Nh1 Bc8 17. f4 Ng6 18. Kh2 Bf6 19. Nf2 Re7 20. g3 Nc7 21. e5 dxe5 22. d6 Rd7 23. dxc7 Qxc7 24. Nd5 Rxd5 25. Qxd5 exf4 26. Bxf4 Nxf4 27. gxf4 Qxf4+ 28. Kg1 Re8 29. Rae1 Bd4 30. Qf3 Qc7 31. Bc4 Rf8 32. Bd5 g6 33. Kg2 Rd8 34. Ng4 Rxd5 35. Re8+ Kg7 36. Rxc8 Qd7 37. Rc7 Qxc7 38. Qxd5 h5 39. Nh2 Bxb2 40. Nf3 Bf6 41. Nd2 Bd4 42. Nf3 Bf6 43. Ng5 Qe7 44. Ne4 Bd4 45. Rd1 f5 46. Rxd4 cxd4 47. Qxd4+ Kg8 48. Qd5+ Kg7 49. Qd4+ Kg8 50. Nc3 Qg5+ 51. Kf3 Qc1 52. Nd5 Qf1+ 53. Kg3 g5 54. Nf6+ Kf7 55. Qd7+ 1/2-1/2

[Event "Hradec Kralove Open"]
[Site "Hradec Kralove CZE"]
[Date "1995.??.??"]
[Round "2"]
[White "Pacovsky, Jiri"]
[Black "Turner, Jan"]
[Result "1-0"]
[WhiteElo "2285"]
[BlackElo "2250"]
[PlyCount "73"]
[EventDate "1995.??.??"]
[Source "www.chesslib.no"]
[SourceDate "2004.05.04"]

1. c4 Nf6 2. Nc3 e6 3. e4 d5 4. cxd5 exd5 5. e5 Ne4 6. d4 Nxc3 7. bxc3 c5 8. Bd3 Nc6 9. Ne2 cxd4 10. cxd4 Bb4+ 11. Bd2 Qa5 12. a3 Bxd2+ 13. Qxd2 Qxd2+ 14. Kxd2 a6 15. Rhc1 O-O 16. Rc5 Be6 17. Rb1 Rab8 18. Rb6 g6 19. Ke3 Rfd8 20. Nf4 Kf8 21. Bc2 g5 22. Nh5 Rbc8 23. Nf6 Nxe5 24. Rxc8 Rxc8 25. dxe5 Rxc2 26. Nxh7+ Kg7 27. Nxg5 Rc3+ 28. Kd2 Rxa3 29. Nxe6+ fxe6 30. Rxe6 Rb3 31. Rd6 Rb5 32. f4 a5 33. f5 a4 34. Rd7+ Kf8 35. e6 d4 36. f6 Rf5 37. Rd8# 1-0

[Event "Budapest FS04 IM-B"]
[Site "Budapest"]
[Date "1999.04.13"]
[Round "11"]
[White "Pham Minh Hoang"]
[Black "Bodrogi, Mihaly"]
[Result "1-0"]
[WhiteElo "2357"]
[BlackElo "2177"]
[PlyCount "65"]
[EventDate "1999.04.03"]
[Source "ChessBase"]
[SourceDate "1999.05.10"]

1. c4 Nf6 2. Nc3 e6 3. e4 Bb4 4. e5 Ng8 5. Qg4 g6 6. Nf3 f5 7. Qf4 Bf8 8. h4 d6 9. d4 dxe5 10. Qxe5 Nf6 11. Nd5 Nxd5 12. Qxh8 Nb4 13. Bh6 Qe7 14. Bxf8 Qxf8 15. Qxf8+ Kxf8 16. Kd2 h6 17. Kc3 N4c6 18. Bd3 Nd7 19. Rhe1 Nf6 20. Ne5 Ne7 21. f3 Kg7 22. g4 f4 23. g5 hxg5 24. hxg5 Nh5 25. Rh1 Nf5 26. Bxf5 exf5 27. Rae1 b6 28. d5 b5 29. c5 a5 30. Kd4 b4 31. Nc6 Ba6 32. Re7+ Kf8 33. Rxc7 1-0

[Event "06.OIBayEM Bad Wiessee op"]
[Site "?"]
[Date "2002.11.01"]
[Round "7"]
[White "Glienke Manfred"]
[Black "Ferrari Josef"]
[Result "1-0"]
[WhiteElo "2316"]
[BlackElo "2217"]
[PlyCount "121"]
[EventDate "2002.??.??"]
[Source "www.chesslib.no"]
[SourceDate "2004.05.04"]

1. c4 Nf6 2. Nc3 e6 3. e4 d5 4. cxd5 exd5 5. e5 d4 6. exf6 dxc3 7. Bb5+ c6 8. Qe2+ Be6 9. Bc4 cxd2+ 10. Bxd2 Qxf6 11. Nf3 Be7 12. Bc3 Bxc4 13. Qxc4 Qe6+ 14. Qxe6 fxe6 15. Bxg7 Rg8 16. Be5 Bb4+ 17. Ke2 Nd7 18. Bg3 Nf6 19. Rhd1 Nd5 20. Rac1 O-O-O 21. Rc4 Ba5 22. Rh4 Rg7 23. Rh6 Re8 24. Be5 Rf7 25. Rd4 Bd8 26. Rg4 Kd7 27. h3 c5 28. Bg3 Bf6 29. Ne5+ Bxe5 30. Bxe5 a5 31. g3 b5 32. a4 Kc6 33. axb5+ Kxb5 34. Rgh4 Ref8 35. f4 Rg8 36. Kf3 Nb4 37. Rxh7 Rff8 38. Rd7 Nc6 39. Bg7 Rd8 40. Rxd8 Rxd8 41. Rh8 Rd7 42. Bc3 Kc4 43. Rc8 Nd4+ 44. Ke4 Nf5 45. Ke5 Nxg3 46. Kxe6 Ra7 47. f5 a4 48. f6 Ne4 49. Be5 a3 50. bxa3 Ng5+ 51. Kf5 Nxh3 52. Bd6 Kd5 53. Bxc5 Ra4 54. Bb4 Ra7 55. Rd8+ Kc4 56. Rc8+ Kd5 57. Rd8+ Kc4 58. Re8 Rb7 59. Re4+ Kd5 60. Re7 Rb8 61. f7 1-0

[Event "Ch Norway (team) 1998/99"]
[Site "Norway"]
[Date "1998.??.??"]
[Round "6"]
[White "Pakleza, Zbigniew"]
[Black "Roberto Ramirez"]
[Result "1-0"]
[WhiteElo "2435"]
[BlackElo "2095"]
[PlyCount "45"]
[EventDate "1998.??.??"]
[Source "www.chesslib.no"]
[SourceDate "2004.05.04"]

1. c4 Nf6 2. Nc3 e6 3. e4 d6 4. d4 Be7 5. Bd3 Nbd7 6. Nf3 e5 7. Bc2 exd4 8. Nxd4 Ne5 9. b3 a6 10. O-O Bd7 11. h3 O-O 12. f4 Nc6 13. Bb2 Nxd4 14. Qxd4 Bc6 15. Rad1 Nd7 16. Nd5 Bf6 17. Nxf6+ Nxf6 18. e5 dxe5 19. Qxe5 Qc8 20. Qg5 h6 21. Qg3 Ne8 22. Rfe1 g6 23. Bxg6 1-0

[Event "BEL Team Ch 9697"]
[Site "Belgium"]
[Date "1997.??.??"]
[Round "10"]
[White "Schneider, Bernd"]
[Black "Van Uytven, Eric"]
[Result "1-0"]
[WhiteElo "2415"]
[BlackElo "2110"]
[PlyCount "45"]
[EventDate "1996.??.??"]
[Source "www.chesslib.no"]
[SourceDate "2004.05.04"]

1. c4 Nf6 2. Nc3 e6 3. e4 d5 4. cxd5 exd5 5. e5 Ne4 6. Nf3 Nc6 7. Bb5 Nxc3 8. dxc3 Be7 9. Bf4 O-O 10. O-O Bf5 11. Re1 Nb8 12. Nd4 Bg6 13. e6 f5 14. Qb3 c5 15. Nf3 Nc6 16. Rad1 c4 17. Qa4 Be8 18. Ne5 Rc8 19. Nd7 Bxd7 20. exd7 Qxd7 21. Rxd5 Qe8 22. Rde5 Rf7 23. R5e2 1-0